000 00211 a2200097 4500
020 _a9780062514301
041 _aeng
100 _aBrower, David
245 _aLet the Mountains Talk, Let the Rivers Run
942 _cBK
999 _c4329
_d4329